LEADER 01275nam a2200313 a 4500 001 000000126975 003 CaOOAMICUS 005 20111111144229.0 008 111111s2011 it d u000 u ita r 040 $aPUL$bita 041 1 $aita$heng 082 04$a909 100 1 $aReader, John.$0(OLS)http://pul/name/47937 240 10$aAfrica.$lItaliano.$0(OLS)http://pul/title/160406 245 10$aAfrica :$bbiografia di un continente /$cJohn Reader ; traduzione di Maria Nicola. 260 $aMilano :$bMondadori,$cİ2011. 300 $aVII, 699 p. :$bgraf. ;$c18 cm 490 1 $aI classici della storia ;$v60 504 $aInclude riferimenti bibliografici ed indice. 651 4$aAfrica.$0(OLS)http://pul/subject/29232 700 1 $aNicola, Maria.$0(OLS)http://pul/name/81033 830 0$aClassici della storia ;$v60.$0(OLS)http://pul/title/155349 850 $aPUL 852 $aPUL$W1$xSL Cons. Gen., Altre Classi 3$y75$m909 COLL 3.60$j146826$qDDC 21$B145521$CPULBib$Z2$F145521 $H118395 $82 941 1 $a9 996 $6082$a909$9(OLS)http://pul/classification/566 996 $6245$aAfrica :$bbiografia di un continente$9(OLS)http://pul/title/160407 996 $6260$aMilano :$bMondadori$9(OLS)http://pul/publisher/50297 LEADER 01181nam a2200289 u 4500 001 000000086317 003 CaOOAMICUS 005 20121030130754.0 008 050928s1939 it abf u000 u ita u 035 $a11060462 040 $aPUL(R)$bita 041 1 $aita$hgrc 100 0 $aHomerus,$dsec. VIII a.C.$0(OLS)http://pul/name/7026 240 10$aOdyssea$9(Homerus, sec. VIII a.C.).$lItaliano.$0(OLS)http://pul/title/72068 245 10$aOdissea /$cOmero ; traduzione di Ettore Romagnoli con note di Giovanni Lattanzi. 250 $aNuova edizione riveduta ed aumentata. 260 $aBologna :$bN. Zanichelli,$c1939. 300 $a348 p.$bc. geogr., ill., tav.$c22 cm 700 1 $aLattanzi, Giovanni.$0(OLS)http://pul/name/56496 700 1 $aRomagnoli, Ettore,$d1871-1938.$0(OLS)http://pul/name/982 850 $aPUL 852 $aPUL$W1$xDP1 Fondo Cecchetti$y53$m294 C 3$j109596$nBK-PRI$qFondi$B109596$CPULBib$Z2$F109596 $H3661 $82 900 $aHomer$97026 900 $aOmero$dsec. VIII a.C.$97026 941 1 $a1 996 $6245$aOdissea$9(OLS)http://pul/title/72069 996 $6260$aBologna :$bN. Zanichelli$9(OLS)http://pul/publisher/47939 LEADER 01097nam a2200289 a 4500 001 000000134986 003 CaOOAMICUS 005 20130716155451.0 008 130716s1986 it u000 u ita r 020 $a88-07-10066-5 040 $aPUL$bita 100 1 $aVeca, Salvatore.$0(OLS)http://pul/name/15112 245 14$aUna filosofia pubblica /$cSalvatore Veca. 260 $aMilano :$bFeltrinelli,$c1986. 300 $a173 p. ;$c22 cm 490 1 $aCampi del sapere.$aFilosofia 504 $aBibliografia p. 167-169. 650 4$aFilosofia$xStudi.$0(OLS)http://pul/subject/37214 830 0$aCampi del sapere (Feltrinelli).$pFilosofia.$0(OLS)http://pul/title/81835 850 $aPUL 852 $aPUL$W1$xDP1 Fondo E. Rossi$y115$m1 T 13$j155346$qFondi$B154901$CPULBib$Z2$F154901 $82 941 1 $a1 961 $aSul dorso collocazione ms. di E. Rossi: V 5 [o 6] 996 $6020$a88-07-10066-5$9(OLS)http://pul/number/153327 996 $6245$aUna filosofia pubblica$9(OLS)http://pul/title/170722 996 $6260$aMilano :$bFeltrinelli$9(OLS)http://pul/publisher/48846